Lev si opäť našuchoril hrivu

Bibliographic Details
Corporate Author: Penzión u leva (Author)
Other Authors: Lev (iní)
Format: Article
Language:Slovak
PhysicalDescription:2 foto
Subjects:

MARC

LEADER 00000nab a2200000 a 4500
001 vtls000899570
003 SK-MaSNL
005 20260302174957.0
008 040720e19990118xo 0 slo
035 |a KE8575 
040 |a KEVKJB  |b slo  |c KEVKJB  |e AACR2 
041 0 |a slo 
044 |a xo  |c SK 
080 |a 64.024.1  |2 1981 
245 0 0 |a Lev si opäť našuchoril hrivu 
300 |b 2 foto 
610 2 7 |a Penzión u leva  |2 KEVKJB  |9 885681 
650 0 7 |a hotely  |2 KEVKJB  |9 18422 
650 0 7 |a penzióny  |2 KEVKJB  |9 30188 
650 0 7 |a služby  |2 KEVKJB  |9 2356 
650 0 7 |a informácie  |2 KEVKJB  |9 1285 
651 7 |a Košice (Slovensko)  |2 KEVKJB  |9 18694 
651 7 |a KE,  |2 KEVKJB  |9 877256 
655 7 |a periodikum  |2 snkbucl  |9 29553 
700 0 |a Lev  |4 iní  |9 885682 
710 2 |a Penzión u leva  |4 aut  |9 885681 
773 0 8 |t Košický večer  |g Roč. 10  |g Roč. 31, č.10, 18.1.1999, s. 3 
852 |a ZVYKNI  |b KIS3GCP 
999 |c 1405621  |d 1407551